| 000 | 00807nam a2200205 a 4500 | ||
|---|---|---|---|
| 001 | 000023223 | ||
| 005 | 20200930022053.0 | ||
| 008 | 101130s1971 mx a r 000 | spa d | ||
| 040 |
_aDO-SdBNP _bspa _cBNPHU |
||
| 082 |
_axxx _bL743t |
||
| 100 | 1 |
_aLindeman, Richard Harold _947811 |
|
| 245 | 1 | 0 |
_aTratado de medición educacional / _cRichard Harold Lindeman ; traducción de Elvira Rissech de Wiñar; prólogo de Edward Joseph Shoben. |
| 260 |
_aBuenos Aires : _bCentro Regional de Ayuda Técnica, Agencia para el Desarrollo Internacional,, 1971. |
||
| 300 |
_a222 p. : _bil. ; _c20 cm. |
||
| 500 | _aIncluye bibliografía | ||
| 534 |
_aTítulo original : _tEducational measurement. |
||
| 700 | 1 |
_aRissech de Wiñar, Elvira _etr. _947812 |
|
| 700 | 1 |
_aShoben, Edward Joseph _epról. _947813 |
|
| 049 | _aBNGR | ||
| 999 |
_c22720 _d22720 |
||